La madre tierra suelos, plantas, ambiente / (Registro nro. 31010)
[ vista simple ]
| 000 -CABECERA | |
|---|---|
| campo de control de longitud fija | 01659nam a22002057a 4500 |
| 008 - CÓDIGOS DE INFORMACIÓN DE LONGITUD FIJA | |
| fixed length control field | 250619b |||ad||| |||| 00| 0 spa d |
| 020 ## - NÚMERO INTERNACIONAL NORMALIZADO PARA LIBROS | |
| ISBN | 9789585387096 |
| 040 ## - Fuente de catalogación | |
| Agencia original de catalogación | CO-JMCR |
| Lenguaje de catalogación | spa |
| Agencia de transcripción | CO-JMCR |
| Convenciones de descripción | rda |
| Agencia de modificación | CO-JMCR |
| 041 0# - CÓDIGO DE LENGUA | |
| Código idioma | spa |
| 082 04 - NÚMERO DE LA CLASIFICACIÓN DECIMAL DEWEY | |
| Número de clasificación Decimal | 631.448 |
| Número de documento (Cutter) | G21m |
| Edition number | 23 |
| 100 1# - PUNTO DE ACCESO PRINCIPAL-NOMBRE DE PERSONA | |
| Nombre personal | Garavito Neira, Fabio, |
| Término de función/relación | autor |
| 9 (RLIN) | 44174 |
| Fechas asociadas al nombre | 1969- |
| 245 13 - TÍTULO PROPIAMENTE DICHO | |
| Título | La madre tierra suelos, plantas, ambiente / |
| Mención de responsabilidad, etc. | Fabio Garavito Neira. |
| 264 #1 - PRODUCCION, PUBLICACION, DISTRIBUCION, COPYRIGHT | |
| Lugar de producción, publicación, distribución, etc | Bogotá : |
| Nombre del editor, productor, distribuidor, etc | Sociedad Geográfica de Colombia, |
| Fecha de producción, publicación, distribución, copyright | 2023. |
| 300 ## - DESCRIPCIÓN FÍSICA | |
| Extensión | 360 páginas : |
| Otros detalles físicos | Ilustraciones, graficas ; |
| Dimensiones | 24 cm. |
| 504 ## - BIBLIOGRAPHY, ETC. NOTE | |
| Bibliography, etc. note | Incluye referencias bibliográficas: páginas 351-360. |
| 520 ## - RESUMEN, ETC. | |
| Resumen,etc. | Los males que amenazan al mundo, como el del alimento, el agotamiento de las fuentes de agua potable, el calentamiento global, la tala de bosques y la destrucción de los suelos debida al mal manejo y a la erosión, obliga a que la humanidad preste mayor interés por conocer el más importante de los elementos del medio ambiente físico: el suelo. Un suelo productivo debe estar constituido por contenidos adecuados de materia orgánica (humus) y minerales, presentar una proporción equilibrada de poros grandes y pequeños que respondan por la aireación, el drenaje y la retención del agua, y debe estar habitado por miles de millones de organismos (algas, bacterias, hongos, actinomicetos, lombrices, insectos, etc.) que descomponen los residuos de plantas y animales muertos, transformándolos en humus y en elementos minerales para la nutrición de las plantas. En este sentido, el suelo debe considerarse como un ser vivo. (Tomado de la fuente). |
| 650 24 - TÉRMINO DE MATERIA | |
| 9 (RLIN) | 308 |
| Withdrawn status | Lost status | Source of classification or shelving scheme | Damaged status | Not for loan | Collection code | Home library | Current library | Shelving location | Date acquired | Source of acquisition | Total Checkouts | Full call number | Barcode | Date last seen | Copy number | Price effective from | Koha item type |
|---|---|---|---|---|---|---|---|---|---|---|---|---|---|---|---|---|---|
| Dewey Decimal Classification | Non-fiction | Biblioteca Pública José María del Castillo y Rada | Biblioteca Pública José María del Castillo y Rada | Book Cart | 11/25/2024 | Donación | 631.448 G21m | 201812699 | 06/19/2025 | Ej.1 | 06/19/2025 | Books |